000
00328 a2200145 4500
001
166994
020
_a
040
_c
Magnum
100
_a
Gomes, Icleia Rodrigues de Lima e
240
1
0
_a
A escola como espaco de prazer
_l
por
245
1
0
_a
A escola como espaco de prazer
362
0
_a
1899
697
_a
GERAL
942
_c
BK
999
_c
166994
_d
166994